Voleybolun unutulmazları: (Record no. 14737)

MARC details
000 -BAŞLIK
Sabit Uzunlukta Kontrol Alanı 00706nam a22002177a 4500
999 ## - SİSTEM KONTROL NUMARALARI (KOHA)
Koha Biblionumber 14737
Koha Biblioitemnumber 14737
003 - KONTROL NUMARASI IDENTIFIER
Denetim Alanı MIRAKIL
005 - SON İŞLEM TARİHİ VE ZAMANI
Denetim Alanı 20220111123052.0
008 - SABİT-BOY VERİ ELEMANLARI - GENEL BİLGİLER
Sabit Uzunlukta Kontrol Alanı 220111b tu ||||| |||| 00| 0 tur d
020 ## - ULUSLARARASI STANDART KİTAP NUMARASI
Uluslararası Standart Kitap Numarası 9786056936609
040 ## - KATALOGLAMA KAYNAK
Orijinal Kataloglama Ajansı TR-AnCHP
Metne Dönüştürmek Ajansı TR-AnCHP
041 ## - DİL KODU
Metin / Ses Parça Veya Ayrı Başlığın Dil Kodu tur
082 ## - DEWEY ONLU SINIFLANDIRMA NUMARASI
Sınıflandırma Numarası 796.325092
Ürün Numarası G76v 2019
100 ## - ANA GİRİŞ - KİŞİSEL İSİM
Kişisel Ad Görgün, Gülnür Özfer
245 10 - BAŞLIK TABLOSU
Başlık Voleybolun unutulmazları:
Başlığın Kalan biz takımı/
Sorumluluk Tablosu, Vb Gülnur Özfer Görgün
260 ## - YAYIN, DAĞITIM, VB
Yayın, Dağıtım, Vb Yeri İstanbul :
Yayıncı, Dağıtıcı, Vs Adı Voleybolcular Derneği,
Yayın, Dağıtım, Vb Tarihi 2019.
300 ## - FİZİKSEL TANIM
Kapsam C <1> ; 375 s.:
Diğer Fiziksel Ayrıntıları fotg.;
Boyutlar 30 sm.
501 ## - NOT İLE
Not İle 1.c. : 1905-1935 doğumlular
650 #0 - KONU KATMA GİRİŞ - TOPİKAL DÖNEM
9 (RLIN) 6932
Topikal Süreli Veya Coğrafi Ad Giriş Elemanı Sporcular
Genel Alt Bölümü Yaşamöyküsü
Coğrafi Alt Bölümü Türkiye
650 #0 - KONU KATMA GİRİŞ - TOPİKAL DÖNEM
9 (RLIN) 6933
Topikal Süreli Veya Coğrafi Ad Giriş Elemanı Voleybolcular
Genel Alt Bölümü Yaşamöyküsü
Coğrafi Alt Bölümü Türkiye
942 ## - EKLENDİ GİRİŞ ELEMANLARI (KOHA)
Sınıflandırma Veya Raf Düzeni Kaynak Dewey Decimal Classification
Koha Öğesi Türü Books
Holdings
Kalıcı Konum Mevcut Konum Edinme Tarihi Toplam Check-Out'Lar Tam Çağrı Numarası Barkod Tarih Son Görülme İtibaren Geçerli Fiyatlar Koha Öğesi Türü
CHP Kütüphanesi CHP Kütüphanesi 01/11/2022   796.325092 G76v 2019 020230 01/11/2022 01/11/2022 Books